[Event "?"]
[Site "Berliner Sommer"]
[Date "1995.??.??"]
[Round "?"]
[White "Sofieva, Ainur"]
[Black "Zagorskis, Darius"]
[Result "1-0"]
[WhiteElo "2350"]
[BlackElo "2520"]

1.e4 c5 2.Nf3 d6 3.c3 Nf6 4.h3 Nc6 5.Bd3 d5 6.e5 Nd7 7.Bb5 a6 8.Bxc6 bxc6
9.d3 e6 10.O-O Be7 11.Qa4 Qc7 12.Re1 O-O 13.Bf4 Nb6 14.Qc2 c4
15.dxc4 Nxc4 16.b3 Nb6 17.Nbd2 c5 18.Nf1 a5 19.Ne3 Bb7 20.Ng4 Qd8
21.Rad1 a4 22.Re3 axb3 23.axb3 d4 24.cxd4 cxd4 25.Rxd4 Ra1+ 26.Kh2 Nd5
27.Re1 Rxe1 28.Nxe1 Qb6 29.Nf3 Nb4 30.Qc1 Bxf3 31.gxf3 Nd5 32.Rc4 Rb8
33.Qc2 Nxf4 34.Rxf4 Qxb3 35.Qc7 Qb7 36.Qxb7 1-0

[Event "?"]
[Site "Berliner Sommer"]
[Date "1995.??.??"]
[Round "?"]
[White "Klovans, Janis"]
[Black "Glienke, Manfred"]
[Result "1-0"]
[WhiteElo "2485"]
[BlackElo "2345"]

1.e4 c5 2.Nf3 d6 3.d4 cxd4 4.Nxd4 Nf6 5.Nc3 g6 6.Be3 Bg7 7.f3 O-O
8.Qd2 Nc6 9.Bc4 Nxd4 10.Bxd4 Be6 11.Bb3 Qa5 12.O-O-O Rfc8 13.Kb1 b5
14.Rhe1 Bxb3 15.cxb3 b4 16.Nd5 Nxd5 17.Bxg7 Kxg7 18.exd5 Rc7 19.Re4 Rb8
20.Rh4 h5 21.g4 hxg4 22.Qh6+ Kf6 23.fxg4 e5 24.Rf1+ Ke7 25.Qg5+ Kd7
26.Rxf7+ Kc8 27.Rh8+ Kb7 28.Rxb8+ Kxb8 29.Qd8+ Kb7 30.h4 1-0

[Event "?"]
[Site "Berliner Sommer"]
[Date "1995.??.??"]
[Round "?"]
[White "Brodsky, Michail"]
[Black "Sergeev, Vladimir"]
[Result "1-0"]
[WhiteElo "2555"]
[BlackElo "2415"]

1.e4 Nf6 2.e5 Nd5 3.d4 d6 4.c4 Nb6 5.exd6 exd6 6.Nc3 Be7 7.h3 Bf5
8.Nf3 O-O 9.Be2 c6 10.O-O Re8 11.Bf4 N8d7 12.a4 a5 13.d5 cxd5 14.cxd5 Nc5
15.Nd4 Bg6 16.Bb5 Nbd7 17.Re1 Rf8 18.Qd2 Ne5 19.Bxe5 dxe5 20.Rxe5 Bf6
21.Ree1 Bxd4 22.Qxd4 Nb3 23.Qf4 Nxa1 24.Rxa1 Rc8 25.d6 Qf6 26.Qxf6 gxf6
27.d7 Rb8 28.f4 h5 29.Re1 Kg7 30.Nd5 Bf5 31.Ne3 Be4 32.Nc4 Bc6
33.Bxc6 bxc6 34.Nxa5 Rxb2 35.Nxc6 Rd2 36.Re7 Rd6 37.d8=Q Rfxd8
38.Nxd8 Rxd8 39.Re4 Rd2 40.Kh2 Ra2 41.Kg3 Kg6 42.Rb4 Ra3+ 43.Kh4 Ra2
44.Kg3 Ra3+ 45.Kh4 Ra2 46.g3 f5 47.Rb6+ f6 48.Rb4 Ra3 49.Rb8 Rxa4
50.Rg8+ Kh7 1-0

[Event "?"]
[Site "Berliner Sommer"]
[Date "1995.??.??"]
[Round "?"]
[White "Anka, Emil"]
[Black "Novikov, Igor A"]
[Result "1/2-1/2"]
[WhiteElo "2410"]
[BlackElo "2580"]

1.e4 c5 2.Nf3 d6 3.d4 cxd4 4.Nxd4 Nf6 5.Nc3 a6 6.Be3 e6 7.f3 b5 8.g4 h6
9.Qd2 Nbd7 10.h4 b4 11.Na4 d5 12.exd5 Nxd5 13.Bc4 Ne5 14.Bxd5 Qxd5
15.O-O-O Nc4 16.Qe2 Bb7 17.b3 Nxe3 18.Qxe3 Bc5 19.Nxc5 Qxc5 20.Rhe1 O-O-O
21.Rd3 Rd7 22.a3 a5 23.axb4 axb4 24.Kb2 Rhd8 25.c3 Rc7 26.cxb4 Qxb4
27.Rc1 Rdd7 28.Rdc3 Rxc3 29.Rxc3+ Kd8 30.Rc4 Qd6 31.f4 Qd5 32.g5 hxg5
33.hxg5 g6 34.Qh3 Qg2+ 35.Qxg2 Bxg2 36.Kc3 Ke7 37.Nc6+ Bxc6 38.Rxc6 Rd5
39.Rc7+ Ke8 40.b4 Rf5 41.Rc8+ Kd7 42.Rc4 f6 1/2-1/2

[Event "?"]
[Site "Berliner Sommer"]
[Date "1995.??.??"]
[Round "?"]
[White "Heedt, Thorsten"]
[Black "Movsziszian, Karen"]
[Result "1/2-1/2"]
[WhiteElo "2235"]
[BlackElo "2440"]

1.e4 d6 2.d4 g6 3.Nf3 Bg7 4.Be2 Nf6 5.Nbd2 O-O 6.O-O c6 7.c3 Qc7 8.Qc2 Bg4
9.Rd1 Nbd7 10.h3 Bxf3 11.Nxf3 e5 12.dxe5 dxe5 13.Be3 Rfe8 14.Rd2 Bf8
15.Ne1 h6 16.Rad1 a5 17.g3 Kg7 18.Bf1 b6 19.Bg2 Bc5 20.Bxc5 Nxc5
21.f3 Rad8 22.Nd3 Ne6 23.Nf2 Nh5 24.Kh2 Qe7 25.Rxd8 Rxd8 26.Ng4 f6
27.Ne3 Kh8 28.Rd2 Nhg7 29.Qd1 b5 30.Rxd8+ Nxd8 31.Qd2 Nde6 32.Bf1 f5
33.exf5 gxf5 34.Ng2 f4 35.gxf4 exf4 36.Bd3 Qd8 37.Qe2 Qg5 38.Qe4 Qg3+
39.Kh1 Ng5 40.Qxf4 Qxh3+ 41.Kg1 Qc8 42.Qf6 Qe6 43.Qf8+ Qg8 44.Qf6 Qe6
45.Qf8+ 1/2-1/2

[Event "?"]
[Site "Berliner Sommer"]
[Date "1995.??.??"]
[Round "?"]
[White "Beshukov, Sergei"]
[Black "Schmidt Jan Peter"]
[Result "1-0"]
[WhiteElo "2500"]
[BlackElo "2265"]

1.e4 d6 2.d4 Nf6 3.Nc3 g6 4.Nf3 Bg7 5.h3 O-O 6.Be3 c6 7.a4 Nbd7 8.a5 e5
9.dxe5 dxe5 10.Qd6 Re8 11.Bc4 Bf8 12.Qd3 Bg7 13.O-O Qe7 14.Ng5 Rf8
15.Na4 h6 16.Nf3 Re8 17.Rfd1 Nh5 18.Qb3 Nf4 19.Kh2 Ne6 20.g3 Qf6
21.Kg2 Bf8 22.Rxd7 Bxd7 23.Qxb7 Red8 24.Bxa7 c5 25.Bd5 Nf4+ 26.gxf4 Qxf4
27.Ra3 c4 28.Nc5 Bxc5 29.Bxc5 Rxa5 30.Qb4 Rxa3 31.Qxa3 Rc8 32.Bd6 c3
33.Bxe5 Bxh3+ 34.Kxh3 Qxf3+ 35.Bg3 Qh1+ 36.Kg4 h5+ 37.Kg5 Qc1+
38.Kf6 cxb2 39.Bxf7+ Kh7 40.Bxg6+ Kg8 41.Qb3+ Kh8 42.Be5 Rc6+ 43.Kf7+ 1-0

[Event "?"]
[Site "Berliner Sommer"]
[Date "1995.??.??"]
[Round "?"]
[White "Sergeev, Vladimir"]
[Black "Chernyshov, Konstantin"]
[Result "1/2-1/2"]
[WhiteElo "2415"]
[BlackElo "2505"]

1.d4 Nf6 2.Nf3 b6 3.Bg5 e6 4.e3 Bb7 5.Bd3 Be7 6.Nbd2 c5 7.c3 Nc6 8.O-O d5
9.Qe2 O-O 10.Rad1 Nd7 11.Bf4 Bf6 12.a3 Re8 13.h3 a6 14.Rfe1 e5
15.dxe5 Ncxe5 16.Nxe5 Nxe5 17.Bxe5 Bxe5 18.Nf3 Qf6 19.Qc2 g6 20.Nxe5 Rxe5
21.Be2 Rae8 22.Bf3 Rg5 23.Qe2 Bc6 24.Rd2 h5 25.g3 h4 26.g4 Rge5 27.Bg2 a5
28.Qf3 Qe6 29.c4 Re4 30.cxd5 Bxd5 31.Rxd5 Qxd5 32.Qe2 Qc4 33.Bxe4 Rxe4
34.Qd2 Kg7 35.Rc1 Qb3 36.Rc3 Qa2 37.Rd3 Re6 38.Qc3+ f6 39.Rd7+ Kh6
40.Qd2 Qb1+ 41.Kh2 Qe4 42.Rd8 Qf3 43.a4 c4 44.Rd4 Re4 45.Kg1 Rxd4
46.Qxd4 Qxh3 47.Qf4+ Kg7 48.Qc7+ Kh6 49.Qf4+ Kg7 50.Qc7+ 1/2-1/2

[Event "?"]
[Site "Berliner Sommer"]
[Date "1995.??.??"]
[Round "?"]
[White "Thallinger, Harald"]
[Black "Bagaturov, Giorgi"]
[Result "1-0"]
[WhiteElo "2280"]
[BlackElo "2465"]

1.d4 Nf6 2.c4 e6 3.Nc3 Bb4 4.Qc2 O-O 5.a3 Bxc3+ 6.Qxc3 b6 7.Bg5 Bb7
8.f3 h6 9.Bh4 d5 10.e3 Nbd7 11.cxd5 exd5 12.Bd3 Re8 13.Bf5 Nf8 14.Ne2 Ba6
15.Rd1 Qe7 16.Bd3 Bb7 17.Bf2 c5 18.O-O Rac8 19.dxc5 bxc5 20.b4 d4
21.exd4 c4 22.Bb1 Nd5 23.Qc1 Ne6 24.Rfe1 Qf6 25.Qc2 g6 26.Ng3 Ng5
27.Ne4 Nxf3+ 28.gxf3 Qxf3 29.Qe2 Qxa3 30.Qg4 Rxe4 31.Rxe4 c3 32.Qe2 Nf6
33.Re3 Qxb4 34.Rg3 Kg7 35.Bc2 Bd5 36.Rb1 Qa3 37.Qe1 Qa2 38.Rxc3 Re8
39.Qd1 Ne4 40.Bxe4 Bxe4 41.Ra1 Qd5 42.Qb3 Qf5 43.Rc5 Qd7 44.Rac1 Rd8
45.Qg3 Kh7 46.Qf4 Bd5 47.Rc7 Qh3 48.Qg3 Qf5 49.Re1 a5 50.Re5 Qb1+
51.Be1 Kg7 52.Qf2 Qb3 53.Qe3 Qd1 54.h3 Qb1 55.Rc5 Qa2 56.Qe2 Qb3 57.Rb5 1-0

[Event "?"]
[Site "Berliner Sommer"]
[Date "1995.??.??"]
[Round "?"]
[White "Ruzele, Darius"]
[Black "Urday, Henry"]
[Result "1/2-1/2"]
[WhiteElo "2505"]
[BlackElo "2435"]

1.d4 Nf6 2.c4 e6 3.Nc3 Bb4 4.Qc2 O-O 5.a3 Bxc3+ 6.Qxc3 b6 7.Bg5 h6
8.Bh4 Bb7 9.f3 d5 10.e3 Nbd7 11.cxd5 Nxd5 12.Bxd8 Nxc3 13.Bh4 Nd5
14.Bf2 f5 15.Bb5 c6 16.Bc4 c5 17.Ne2 Rac8 18.Bb5 N7f6 19.dxc5 Rxc5
20.Bd3 Rcc8 21.Nd4 Rfe8 22.O-O Rcd8 23.Bb5 Re7 24.Rfd1 Kf7 25.Nc6 Bxc6
26.Bxc6 Rc7 27.Ba4 Rdc8 28.Bb3 b5 29.h3 a5 30.e4 fxe4 31.fxe4 Nf4
32.Bb6 Rc6 33.Bxa5 Nxe4 34.Rf1 g5 35.Rae1 Ng3 36.Rf3 Nf5 37.Bc3 Rd8
38.g3 Rd3 39.Rxd3 Nxd3 40.Rf1 Ke7 41.Rf3 Nc1 42.Bb4+ Kf6 43.Bd1 Kg6
44.Bc3 Rd6 45.Bc2 Ne2+ 46.Kf2 Nxc3 47.Rxc3 Kf6 48.Bd3 Rd5 49.g4 Nd6
50.Ke3 Re5+ 51.Kf3 Rd5 52.Ke3 1/2-1/2

[Event "?"]
[Site "Berliner Sommer"]
[Date "1995.??.??"]
[Round "?"]
[White "Lingnau, Carsten"]
[Black "Lochte, Thomas"]
[Result "1-0"]
[WhiteElo "2400"]
[BlackElo "2255"]

1.Nf3 Nf6 2.c4 c5 3.Nc3 Nc6 4.g3 g6 5.Bg2 Bg7 6.d4 cxd4 7.Nxd4 O-O
8.O-O Qb6 9.Nc2 Qc5 10.b3 Qh5 11.Bb2 d6 12.e4 Bg4 13.f3 Bh3 14.Ne3 Qc5
15.Re1 Bh6 16.Qd2 Bxg2 17.Kxg2 Qd4 18.Qe2 Qxe3 19.Qxe3 Bxe3 20.Rxe3 Nd4
21.Rd1 Nc2 22.Re2 Nb4 23.f4 Rfd8 24.h3 Rac8 25.Red2 Nc6 26.Kf3 Kf8
27.g4 Ke8 28.g5 Nd7 29.h4 Nc5 30.h5 Ne6 31.Nd5 Kd7 32.hxg6 hxg6
33.e5 dxe5 34.fxe5 Nxg5+ 35.Kg4 Ne4 36.Nf6+ Ke6 37.Nxe4 Nxe5+ 38.Kf4 Rxd2
39.Ng5+ 1-0

[Event "?"]
[Site "Berliner Sommer"]
[Date "1995.??.??"]
[Round "?"]
[White "Reichenbach, Werner"]
[Black "Beciraj, Muhamet"]
[Result "1-0"]
[WhiteElo "2265"]
[BlackElo "1800"]

1.d4 f5 2.Nc3 d5 3.Bf4 e6 4.e3 Bd7 5.g4 Bb4 6.gxf5 Bxc3+ 7.bxc3 exf5
8.c4 c6 9.Nf3 Nf6 10.Bd3 O-O 11.Rb1 b6 12.Rg1 Ne4 13.Rb3 Be6 14.Ng5 Nxg5
15.Bxg5 Qd7 16.Qe2 dxc4 17.Bxc4 b5 18.Bxe6+ Qxe6 19.c4 a6 20.d5 Qe5
21.f4 Qd6 22.c5 Qxc5 23.Bh6 Rf7 24.Qb2 Raa7 25.Rd3 Qd6 26.Qe5 Qf8
27.d6 Nd7 28.Qd4 c5 29.Qd5 Kh8 30.Bg5 c4 31.Rd1 Qe8 32.Qd4 Nf8 33.h4 Rad7
34.h5 Qe6 35.Kf2 h6 36.Bh4 Nh7 37.Rg6 Nf6 38.Ke2 Kh7 39.Qe5 Qxe5
40.fxe5 Nxh5 41.Rdg1 Rf8 42.e6 Rxd6 43.e7 Rxg6 44.exf8=N+ Kg8 45.Nxg6 Kf7
46.Nf4 Nf6 47.Bxf6 Kxf6 48.Nh5+ 1-0

[Event "?"]
[Site "Berliner Sommer"]
[Date "1995.??.??"]
[Round "?"]
[White "Loehr, Holger"]
[Black "Schmenger, Lisa"]
[Result "1-0"]
[WhiteElo "1705"]
[BlackElo "1529"]

1.e4 c5 2.b4 cxb4 3.Bb2 e6 4.d4 d6 5.a3 Nf6 6.Nd2 bxa3 7.Bxa3 Be7
8.Ngf3 Nc6 9.Bd3 O-O 10.O-O b6 11.e5 dxe5 12.Bxe7 Qxe7 13.dxe5 Nd5
14.c4 Nf4 15.Bb1 Rd8 16.Qc2 g6 17.Qe4 Nxg2 18.Kxg2 Bb7 19.Qe3 Nxe5
20.Be4 Bxe4 21.Qxe4 Nxf3 22.Nxf3 Rac8 23.Rfd1 Rxd1 24.Rxd1 Qc7 25.Ne5 Rd8
26.Re1 Qd6 27.Qb7 Rf8 28.Qxa7 f6 29.Qd7 Rd8 30.Qf7+ Kh8 31.Qxf6+ Kg8
32.Qf7+ Kh8 33.Nf3 Rf8 34.Ng5 Rxf7 35.Nxf7+ Kg7 36.Nxd6 1-0

[Event "?"]
[Site "Berliner Sommer"]
[Date "1995.??.??"]
[Round "?"]
[White "Boric, Muhamed"]
[Black "Heedt, Thorsten"]
[Result "1/2-1/2"]
[WhiteElo "2435"]
[BlackElo "2235"]

1.d4 Nf6 2.Nf3 g6 3.Bg5 h6 4.Bxf6 exf6 5.e3 Bg7 6.Bd3 O-O 7.Nc3 d5
8.Ne2 Nc6 9.c3 Ne7 10.Ng3 Be6 11.O-O Qd7 12.Rc1 Nf5 13.Nxf5 Bxf5
14.Bxf5 Qxf5 15.c4 dxc4 16.Rxc4 c6 17.Qb3 Rab8 18.Rfc1 Rfd8 19.Ne1 Bf8
20.Nd3 Bd6 21.Nc5 h5 22.h3 h4 23.Qd3 Qxd3 24.Nxd3 f5 25.b4 Re8 26.Kf1 Re4
27.Rb1 a6 28.Rb3 Rbe8 29.Ne5 f4 30.Nd7 Kg7 31.Ke2 fxe3 32.Rxe3 f5
33.Kd3 R8e7 34.Nc5 Bxc5 35.Rxc5 Kf6 36.a4 g5 37.Rc1 Rxe3+ 38.fxe3 Ke6
39.Rc5 Kf6 40.Rc3 Re6 41.Rc5 b6 42.Rc1 Kg6 43.a5 b5 44.Rf1 Kf6 45.Re1 Re4
46.Re2 Re6 47.Rc2 Rd6 48.e4 fxe4+ 49.Kxe4 Re6+ 50.Kd3 Ke7 51.Rc5 Kf6
52.Rc1 Ke7 53.Kd2 Rd6 54.Re1+ Re6 55.Re5 Kf6 56.Rc5 Rd6 57.Rc1 Ke7 1/2-1/2

[Event "?"]
[Site "Berliner Sommer"]
[Date "1995.??.??"]
[Round "?"]
[White "Dydyshko, Viacheslav"]
[Black "Ribic, Kasmir"]
[Result "1-0"]
[WhiteElo "2545"]
[BlackElo "2335"]

1.d4 d5 2.c4 c6 3.Nf3 Nf6 4.Nc3 e6 5.Bg5 dxc4 6.a4 Bb4 7.e4 b5 8.e5 h6
9.exf6 hxg5 10.fxg7 Rg8 11.g3 Bb7 12.Bg2 Nd7 13.O-O Rxg7 14.axb5 Bxc3
15.bxc6 Bxc6 16.bxc3 Kf8 17.Re1 Nb6 18.Ra5 Bd5 19.Ne5 f6 20.Nc6 Qd6
21.Nb4 Re8 22.Qa1 Ree7 23.Rc5 Rc7 24.Qa5 Rge7 25.Rb5 Rcd7 26.Bh3 Bf3
27.Rc5 g4 28.Bg2 e5 29.dxe5 Qd2 30.Qa1 Qxe1+ 31.Qxe1 Rd1 32.Qxd1 Bxd1
33.Nc6 Re6 34.h3 gxh3 35.Bxh3 Nd7 36.Rxc4 1-0

[Event "?"]
[Site "Berliner Sommer"]
[Date "1995.??.??"]
[Round "?"]
[White "Skorna, Ullrich"]
[Black "Schuette, Andreas"]
[Result "0-1"]
[WhiteElo "2230"]
[BlackElo "1990"]

1.e4 e5 2.Nf3 f5 3.Bc4 fxe4 4.Nxe5 d5 5.Bb3 Qg5 6.d4 Qxg2 7.Qh5+ g6
8.Nxg6 Qxh1+ 9.Kd2 hxg6 10.Qe5+ Ne7 11.Qxh8 Qf3 12.Ke1 Qh1+ 13.Kd2 Qf1
14.c4 Nbc6 15.cxd5 Qd3+ 16.Ke1 Nxd4 17.Bd1 Bg4 18.Qxd4 Qxd4 19.Bxg4 Nxd5 0-1

[Event "?"]
[Site "Berliner Sommer"]
[Date "1995.??.??"]
[Round "?"]
[White "Gretarsson, Helgi Ass"]
[Black "Molinaroli, Martin"]
[Result "1/2-1/2"]
[WhiteElo "2440"]
[BlackElo "2310"]

1.d4 Nf6 2.c4 c5 3.d5 b5 4.cxb5 a6 5.f3 g6 6.e4 d6 7.Nc3 Bg7 8.a4 O-O
9.Ra3 axb5 10.Bxb5 Na6 11.Nge2 Nb4 12.O-O Ba6 13.Be3 Nd7 14.Qd2 Ne5
15.b3 Qa5 16.h3 Rfb8 17.Bxa6 Qxa6 18.Raa1 Qa5 19.Rab1 Rb7 20.Nb5 Qd8
21.Nec3 Nd7 22.Na3 Na6 23.Ncb5 Nc7 24.f4 Nxb5 25.Nxb5 c4 26.bxc4 Rxa4
27.Rfc1 Qb8 28.Qd1 Ra2 29.Bd4 Bxd4+ 30.Qxd4 f6 31.Ra1 Rxa1 32.Rxa1 Qc8
33.Kf2 Kf7 34.Ra3 h6 35.Na7 Qc5 36.Qxc5 Nxc5 37.Nc6 Rb2+ 38.Kf3 Rc2
39.Ra7 Rc3+ 40.Ke2 Rxc4 41.Rxe7+ Kf8 42.Ke3 Rc3+ 43.Kd4 Rc2 44.Rh7 Rd2+
45.Ke3 Rxg2 46.Nd8 Rg3+ 47.Kd4 Nb3+ 48.Kc4 Nd2+ 49.Kb5 Nxe4 50.Ne6+ Ke8
51.Rxh6 Rb3+ 52.Kc6 Rc3+ 53.Kb7 Rb3+ 54.Kc7 Rc3+ 55.Kb8 g5 56.f5 Nc5
57.Rh8+ Ke7 58.Rh7+ Ke8 59.Nc7+ Kd8 60.Ne6+ Ke8 61.Nc7+ Kd8 62.Rh8+ Ke7
63.Rh7+ Kd8 64.Rh8+ Ke7 1/2-1/2

[Event "?"]
[Site "Berliner Sommer"]
[Date "1995.??.??"]
[Round "?"]
[White "Darnstaedt, Frank"]
[Black "Roellig, Florian"]
[Result "1-0"]
[WhiteElo "2300"]
[BlackElo "1845"]

1.e4 c5 2.c3 g6 3.d4 Bg7 4.Nf3 cxd4 5.cxd4 d5 6.exd5 Nf6 7.Bb5+ Nbd7
8.d6 Ne4 9.dxe7 Qa5+ 10.Nbd2 Nxd2 11.Bxd7+ Bxd7 12.Bxd2 Qb5 13.a4 Qc4
14.Qe2 Qxe2+ 15.Kxe2 Kxe7 16.Bc3 Rhe8 17.Rhd1 Kf8+ 18.Kf1 Rac8 19.h3 Rc4
20.a5 Bb5 21.Kg1 Rc7 22.Re1 Bf6 23.Rac1 Bc6 24.Re3 Re4 25.Rxe4 Bxe4
26.Bb4+ 1-0

[Event "?"]
[Site "Berliner Sommer"]
[Date "1995.??.??"]
[Round "?"]
[White "Lieb, Harald"]
[Black "Bergmann Holger"]
[Result "1-0"]
[WhiteElo "2225"]
[BlackElo "2025"]

1.d4 d5 2.c4 c6 3.Nf3 e6 4.Nc3 dxc4 5.a4 Bb4 6.g3 b5 7.Bg2 Bb7 8.O-O a6
9.e4 Nf6 10.e5 Nd5 11.Ng5 Nd7 12.Qh5 g6 13.Qf3 O-O 14.Nce4 c5 15.Nd6 cxd4
16.Nxb7 Qb6 17.Qe4 Qxb7 18.Qxd4 Rfd8 19.Qh4 Nf8 20.Ne4 Be7 21.Nf6+ Kh8
22.Bh6 Bxf6 23.exf6 Nd7 24.Bg7+ Kg8 25.Qh6 1-0

[Event "?"]
[Site "Berliner Sommer"]
[Date "1995.??.??"]
[Round "?"]
[White "Iordachescu, Viorel"]
[Black "Kahn, Manfred"]
[Result "1-0"]
[WhiteElo "2435"]
[BlackElo "2230"]

1.e4 e6 2.d3 d5 3.Nd2 Nf6 4.Ngf3 Nc6 5.c3 Be7 6.Be2 a5 7.O-O O-O 8.Qc2 b6
9.Re1 Ba6 10.e5 Ne8 11.Nf1 f5 12.exf6 Rxf6 13.d4 Bxe2 14.Rxe2 Rg6
15.Bf4 Nd6 16.Rae1 Qd7 17.Qd3 Rf8 18.Bg3 Ne4 19.N1d2 Nxg3 20.hxg3 Bd6
21.Nh4 Rh6 22.Ndf3 Be7 23.Qd2 Rhf6 24.Ng5 Nd8 25.f4 h6 26.Ngf3 Bd6
27.Ne5 Bxe5 28.fxe5 R6f7 29.Ng6 Re8 30.g4 Nc6 31.g3 Ne7 32.Nf4 Nc6
33.Rh2 Qd8 34.Qe2 Ref8 1-0

[Event "?"]
[Site "Berliner Sommer"]
[Date "1995.??.??"]
[Round "?"]
[White "Sakowski, Christian"]
[Black "Aschauer, Guenter"]
[Result "0-1"]
[WhiteElo "1651"]
[BlackElo "1895"]

1.Nf3 Nf6 2.d4 g6 3.c4 Bg7 4.Nc3 O-O 5.e4 d6 6.Be2 e5 7.d5 a5 8.Bg5 h6
9.Bxf6 Qxf6 10.h3 Qe7 11.O-O f5 12.Nd2 Nd7 13.f3 h5 14.exf5 gxf5
15.Qe1 Bh6 16.Rd1 Kh8 17.Kh1 Rg8 18.Qf2 Bf4 19.Rg1 h4 20.Nf1 Nc5
21.Bd3 Rg7 22.Bc2 Bd7 23.Ne2 Bh6 24.Nc3 Rag8 25.Ne2 Rg6 26.Kh2 e4
27.f4 Bg7 28.b3 c6 29.Ne3 Qd8 30.Kh1 Rh6 31.Kh2 Qb6 32.Nc1 a4 33.Kh1 Ra8
34.Ne2 axb3 35.axb3 Na6 36.Ra1?? Bxa1 37.Rxa1 Nc7 38.Rxa8+ Nxa8
39.Nc3 Qd4 40.Kg1?? 0-1

[Event "?"]
[Site "Berliner Sommer"]
[Date "1995.??.??"]
[Round "?"]
[White "Kvamme, John Agnar"]
[Black "Willin, Michael"]
[Result "1-0"]
[WhiteElo "2220"]
[BlackElo "1980"]

1.Nf3 Nf6 2.g3 b5 3.Bg2 Bb7 4.O-O e6 5.d3 Be7 6.e4 d6 7.a4 b4 8.Nbd2 Nbd7
9.b3 O-O 10.Bb2 c5 11.Nc4 Nb6 12.Na5 Ba6 13.Nc6 Qc7 14.Nxe7+ Qxe7
15.e5 Nfd7 16.exd6 Qxd6 17.Ng5 Nd5 18.Re1 Rac8 19.Nxh7 Kxh7 20.Qh5+ Kg8
21.Bxg7 Kxg7 22.Qg5+ Kh8 23.Re4 Bxd3 24.cxd3 N5f6 25.Rh4+ Nh7 26.Qh6 Qxd3
27.Be4 Qxe4 28.Rxe4 Rg8 29.Rh4 Rg7 30.Rc1 Kg8 31.Rxb4 Ne5 32.Qe3 Ng5
33.Kg2 Rd8 34.Rxc5 f6 35.Rxe5 fxe5 36.Rg4 Nf7 37.Rxg7+ Kxg7 38.Qxa7 1-0

[Event "?"]
[Site "Berliner Sommer"]
[Date "1995.??.??"]
[Round "?"]
[White "Mayr, Klaus Dr."]
[Black "Goletiani, Rusudan"]
[Result "1-0"]
[WhiteElo "2325"]
[BlackElo "2165"]

1.e4 c5 2.Nf3 e6 3.d4 cxd4 4.Nxd4 Nf6 5.Nc3 d6 6.Be2 Be7 7.Be3 a6 8.f4 Qc7
9.g4 Nc6 10.g5 Nd7 11.Qd2 b5 12.a3 Na5 13.O-O-O Nb6 14.Nd5 Nxd5
15.exd5 e5 16.Nc6 Nxc6 17.dxc6 Qxc6 18.Rhf1 Bb7 19.Bf3 e4 20.Bg4 d5
21.f5 f6 22.Bh5+ Kd7 23.Bf7 Kc7 24.Qa5+ Kb8 25.Bxd5 Bd8 26.Qb4 Qe8
27.gxf6 gxf6 28.Rf4 a5 29.Qc5 Ra6 30.Rxe4 Qd7 31.Bxb7 Qxb7 32.Bf4+ Ka8
33.Rd5 b4 34.a4 Rg8 35.Bg3 Rc6 36.Qb5 Qc8 37.Qd3 Bb6 38.Kb1 h5 39.Rd6 Rg7
40.Qd5 Kb7 41.Rc4 Rgc7 42.Rcxc6 Rxc6 43.Rxf6 Bc5 44.Rf7+ Kb6 45.Qd3 1-0

[Event "?"]
[Site "Berliner Sommer"]
[Date "1995.??.??"]
[Round "?"]
[White "Luckow, Rolf"]
[Black "Kleeschaetzky, Ralf"]
[Result "1/2-1/2"]
[WhiteElo "2050"]
[BlackElo "2295"]

1.e4 c5 2.Nf3 Nc6 3.d4 cxd4 4.Nxd4 Nf6 5.Nc3 e5 6.Ndb5 d6 7.Bg5 a6
8.Na3 Be6 9.Bc4 Be7 10.Bxf6 Bxf6 11.Nd5 Bg5 12.c3 Rc8 13.O-O O-O
14.Be2 g6 15.Nc4 Ne7 16.Nxd6 Nxd5 17.exd5 Qxd6 18.dxe6 Qxe6 19.Qa4 Qb6
20.Qc2 e4 21.Qxe4 Qxb2 22.Bf3 b5 23.a4 Qxc3 24.axb5 axb5 25.Rab1 Rc4
26.Qd5 Rc5 27.Qb7 Qc4 28.Qb6 Re8 29.Bd1 Rf5 30.Bb3 Qe2 31.Bd1 Qd2
32.Bf3 Qd3 33.Bc6 Re6 34.Qb8+ Kg7 35.Bxb5 Qd4 36.Rbd1 Bd2 37.Bc4 Ref6
38.Qg3 Rd6 39.Be2 h5 40.Qa3 Qf6 41.Bf3 Rd4 42.Qb2 Rxf3 43.Rxd2
(43.gxf3 Rg4+) 1/2-1/2

[Event "?"]
[Site "Berliner Sommer"]
[Date "1995.??.??"]
[Round "?"]
[White "Lindemann Christian"]
[Black "Yemelin, Vasily"]
[Result "1/2-1/2"]
[WhiteElo "2125"]
[BlackElo "2500"]

1.e4 c5 2.Nf3 e6 3.d3 d5 4.Nbd2 Nc6 5.g3 Bd6 6.Bg2 Nge7 7.O-O O-O 8.Re1 f6
9.exd5 exd5 10.d4 c4 11.c3 Bg4 12.b3 cxb3 13.axb3 Qd7 14.Ba3 Bxa3
15.Rxa3 a5 16.Nf1 b5 17.Qa1 Rab8 18.Ne3 Bh5 19.Nh4 Bf7 20.g4 Be6
21.Nhf5 Bxf5 22.gxf5 b4 23.Ra4 bxc3 24.Qxc3 Rb5 25.Bf1 Rb6 26.Qc5 Rfb8
27.Nxd5 Nxd5 28.Bc4 Ncb4 29.Rxa5 Qxf5 30.Bxd5+ Nxd5 31.Qxd5+ 1/2-1/2

[Event "?"]
[Site "Berliner Sommer"]
[Date "1995.??.??"]
[Round "?"]
[White "Krakops, Maris"]
[Black "Coenen, Norbert"]
[Result "1-0"]
[WhiteElo "2525"]
[BlackElo "2320"]

1.e4 c5 2.Nf3 e6 3.Nc3 d6 4.d4 cxd4 5.Nxd4 Nf6 6.Bg5 Be7 7.Qd2 a6
8.O-O-O b5 9.Bd3 Bb7 10.Rhe1 Nbd7 11.a3 Rc8 12.f4 h6 13.Bh4 g5 14.e5 gxh4
15.exf6 Bxf6 16.Rxe6+! fxe6 17.Bg6+ 1-0

[Event "?"]
[Site "Berliner Sommer"]
[Date "1995.??.??"]
[Round "?"]
[White "Schulz, Rainer"]
[Black "Dvoirys, Semen I"]
[Result "1/2-1/2"]
[WhiteElo "2265"]
[BlackElo "2580"]

1.Nf3 c5 2.c4 Nf6 3.Nc3 Nc6 4.g3 g6 5.Bg2 Bg7 6.O-O O-O 7.d4 cxd4
8.Nxd4 Qa5 9.Nb3 Qh5 10.c5 d6 11.cxd6 Rd8 12.e4 Bg4 13.f3 Be6 14.Bf4 Bh6
15.Ne2 Bxb3 16.Qxb3 Bxf4 17.dxe7 Qc5+ 18.Kh1 Qxe7 19.Nxf4 Nd4 20.Qd3 Qb4
21.Qc3 Qb6 22.Bh3 Rd6 23.Rad1 Rad8 1/2-1/2

[Event "?"]
[Site "Berliner Sommer"]
[Date "1995.??.??"]
[Round "?"]
[White "Macgilchrist, Sigrun"]
[Black "Petri, Klaus"]
[Result "0-1"]
[WhiteElo "2145"]
[BlackElo "1885"]

1.e4 e5 2.Nf3 d6 3.d4 Bg4 4.dxe5 Nd7 5.exd6 Bxd6 6.Be2 Ngf6 7.Bg5 h6
8.Bxf6 Qxf6 9.c3 O-O-O 10.Qc2 Bf4 11.Nbd2 Ne5 12.O-O-O Bxf3 13.gxf3 Qg5
14.h4 Qg2 15.Kb1 Rxd2 16.Rxd2 Qxh1+ 17.Rd1 Qxh4 18.Bf1 Rd8 19.Bg2 Rxd1+
20.Qxd1 Qe7 21.Bh3+ Kb8 22.a3 Qd6 23.Qg1 g5 24.Qf1 Nxf3 25.Qb5 a6
26.Qe8+ Ka7 27.Bg2 Qd1+ 28.Ka2 Nd2 29.a4 Qb1+ 30.Ka3 Bd6+ 31.b4 Nc4# 0-1

[Event "?"]
[Site "Berliner Sommer"]
[Date "1995.??.??"]
[Round "?"]
[White "Pachow, Joerg"]
[Black "Bagirov, Vladimir"]
[Result "0-1"]
[WhiteElo "2290"]
[BlackElo "2530"]

1.e4 Nf6 2.e5 Nd5 3.c4 Nb6 4.c5 Nd5 5.Nc3 e6 6.Bc4 Nxc3 7.dxc3 Nc6
8.Bf4 Bxc5 9.Qg4 g5 10.Bxg5 Rg8 11.h4 h6 12.Nf3 hxg5 13.hxg5 Nxe5
14.Nxe5 Qxg5 15.Qe2 d6 16.Nf3 Qf5 17.Nd2 d5 18.Bxd5 Qxf2+ 19.Qxf2 Bxf2+
20.Kxf2 exd5 21.Nf3 Be6 22.Nd4 Kd7 23.Rae1 Rg7 24.Re3 Rag8 25.g3 c5
26.Ne2 Rg5 27.a3 a5 28.Nf4 Kd6 29.Rh7 Rf5 30.Rf3 b5 31.Nxe6 Rxf3+
32.Kxf3 Kxe6 33.g4 a4 34.Kf4 Rg6 35.g5 d4 36.Rh8 Kd5 37.Rd8+ Rd6
38.Rc8 Rd7 39.Kf3 Re7 40.Kf4 Re2 41.Rd8+ Kc4 42.Kf3 Rxb2 43.Rd7 Rb1
44.Kg2 b4 0-1

[Event "?"]
[Site "Berliner Sommer"]
[Date "1995.??.??"]
[Round "?"]
[White "Gipslis Alvaris"]
[Black "Reichenbach, Werner"]
[Result "1/2-1/2"]
[WhiteElo "2445"]
[BlackElo "2265"]

1.e4 e5 2.Nf3 Nc6 3.Bc4 Nf6 4.d3 Bc5 5.c3 d6 6.Nbd2 a6 7.Bb3 h6 8.O-O O-O
9.Re1 Re8 10.Nf1 Ba7 11.Ng3 Be6 12.Bxe6 fxe6 13.h3 Qd7 14.Be3 Bxe3
15.Rxe3 Rf8 16.d4 Qf7 17.dxe5 dxe5 18.Qb3 Rab8 19.Rd1 Kh7 20.Red3 Qe7
21.a3 Rf7 22.R1d2 Qe8 23.Qd1 Rf8 24.b4 Kg8 25.c4 Nh5 26.b5 axb5
27.cxb5 Nxg3 28.fxg3 Rxf3 29.gxf3 Nd4 30.a4 c5 31.bxc6 Qxc6 32.h4 Ra8
33.Rxd4 exd4 34.Rxd4 Qb6 35.Kg2 e5 36.Rd6 Qb2+ 37.Kh3 Kh7 38.h5 Rf8
39.Rd3 Qf2 40.Rb3 Rf6 41.a5 Rf8 42.Qd6 Rxf3 43.Qg6+ Kh8 44.Rxb7 Qf1+
45.Kg4 Rf4+ 46.gxf4 Qxf4+ 47.Kh3 Qf3+ 48.Kh2 Qf2+ 49.Qg2 Qh4+ 50.Kg1 Qe1+
51.Qf1 Qg3+ 52.Kh1 Qh4+ 53.Kg2 Qg4+ 54.Kf2 Qf4+ 55.Kg1 Qg3+ 56.Kh1 Qh4+
57.Kg2 Qg4+ 58.Kh2 Qh4+ 59.Qh3 Qf2+ 60.Kh1 Qe1+ 61.Kg2 Qe2+ 62.Kg3 Qe3+
63.Kh2 Qf2+ 1/2-1/2

[Event "?"]
[Site "Berliner Sommer"]
[Date "1995.??.??"]
[Round "?"]
[White "Chernyshov, Konstantin"]
[Black "Khurtsidze, Nino"]
[Result "1-0"]
[WhiteElo "2505"]
[BlackElo "2295"]

1.e4 c5 2.Nf3 e6 3.Nc3 a6 4.g3 Nc6 5.Bg2 g6 6.d4 cxd4 7.Nxd4 Bg7 8.Nde2 d6
9.Bf4 Ne5 10.Qd2 Nc4 11.Qc1 Ne7 12.O-O O-O 13.b3 Ne5 14.Qa3 Qc7
15.Rad1 Rd8 16.Rd2 N7c6 17.Rfd1 Bf8 18.Nb5 axb5 19.Qxa8 b4 20.Bxe5 Bd7
21.Bxd6 Bxd6 22.Qxd8+ Qxd8 23.Rxd6 Nb8 24.R6d4 Qe7 25.e5 Kg7 26.Nf4 Bc6
27.Rd8 Bxg2 28.Kxg2 Qc7 29.R1d6 b6 30.h4 Qb7+ 31.f3 Nc6 32.R8d7 Qa8
33.Nxe6+ Kh6 34.Ng5 Nxe5 35.Nxf7+ Nxf7 36.Rxf7 Qe8 37.Rdd7 Qe2+ 38.Kh3 1-0

[Event "?"]
[Site "Berliner Sommer"]
[Date "1995.??.??"]
[Round "?"]
[White "Milov, Leonid"]
[Black "Kristovic Marijan"]
[Result "1-0"]
[WhiteElo "2480"]
[BlackElo "2290"]

1.e4 c5 2.Nf3 a6 3.g3 b5 4.Bg2 Bb7 5.Qe2 e6 6.O-O Nc6 7.a4 b4 8.d3 Nf6
9.e5 Ng8 10.Nbd2 d5 11.exd6 Bxd6 12.Nc4 Nf6 13.b3 O-O 14.Bb2 Rb8
15.Ng5 Be7 16.Nxe6 Qc8 17.Nxf8 Bxf8 18.Rae1 Qf5 19.Qf3 Qg6 20.Qf4 Qh5
21.h3 h6 22.g4 Qh4 23.Qg3 Qxg3 24.fxg3 Nd4 25.Bxd4 cxd4 26.Bxb7 Rxb7
27.Rf5 Rc7 28.Kg2 Rc6 29.Ree5 Bd6 30.Re2 Bf8 31.g5 hxg5 32.Rxg5 g6
33.Kf3 Kg7 34.Na5 Rc7 35.Nc4 Rc6 36.h4 Rc7 37.Ra5 Rc6 38.g4 Ng8
39.Rd5 Bc5 40.g5 Rc7 41.Re8 Be7 42.Rxd4 f6 43.Rd5 fxg5 44.hxg5 Bf8
45.Ne5 Be7 46.Rd7 Rxd7 47.Nxd7 Bxg5 48.Ra8 Ne7 49.Rxa6 Nf5 50.Ne5 Bf6
51.Ra7+ Kh6 52.Ng4+ Kg5 53.Nxf6 Kxf6 54.Rb7 Nd4+ 55.Ke4 Nxc2 56.a5 1-0